01371cam a2200301 a 450000100100000000500170001000800410002702000150006804000250008308200190010810000820012724501290020926000400033830000170037850000470039550500270044250501590046965000280062865000310065665000200068770000500070770000410075791000290079804900090082795201080083695201080094499900170105200001530120200929164015.0100204s1995 sp 000 f spa d a8475064256 aDO-SdBNPbspacBNPHU a863.5bA323ó1 aAlas Clarín, Leopoldo,d1852-1901.qLeopoldo García-Alas y Ureña93460110aObras completas /cLeopoldo Alas Clarín ; edición y prólogo de Santos Sanz Villanueva ; editor Manuel Arroyo Stephens. aMadrid :bBiblioteca Castro,c1995. av. ;c23 cm. aLa biblioteca posee los volúmenes 1 y 2.0 gVol. 1.tLa regenta --0 gVol. 2.tObras completas, II. Pipá. Doña Berta. Cuervo. Superchería. El señor y los demás, son cuentos. Cuentos morales. El gallo de Sócrates. 4aNovela española91123 4aLiteratura española9632 4aAdulterio912691 aSanz Villanueva, Santos,eed.epról.9244551 aArroyo Stephens, Manuel,eed.934595 acatalogación derivada. aBNGR 001050718MOaGRbGRcCTd2010-02-04iLF1l0ov. 2p15301-10r2020-06-25w2020-06-25y1ZNo se presta 001050718MOaGRbGRcCTd2010-02-04iLF1l0ov. 1p15301-20r2020-06-25w2020-06-25y1ZNo se presta c14867d14867